Pays frontaliers à l'Union européenne - Statistiques

Statistiques générales
  • Ce quiz a été pris 49 fois
  • Le résultat moyen est 19 sur 21
Statistiques - réponses
Frontières national avec : Réponses % Correct
Bulgarie et Grèce Turquie
98%
Espagne et France Andorre
94%
Autriche et suisse Liechtenstein
94%
Allemagne, Autriche, France et Italie Suisse
94%
France Brésil
92%
Finlande et Suède Norvege
92%
Lettonie, Lituanie et Pologne Biélorussie
90%
Croatie Monténégro
90%
Estonie, Finlande, Lettonie, Lituanie et Pologne Russie
90%
Italie Saint-Marin
90%
Bulgarie, Hongrie, Croatie et Roumanie Serbie
90%
Italie Vatican
90%
France Monaco
88%
Grèce Albanie
86%
Croatie Bosnie-Herzégovine
86%
Bulgarie et Grèce Macédoine du nord
86%
Roumanie Moldavie
86%
Chypre, Espagne, France et Irlande Royaume-uni
86%
Espagne Maroc
84%
France Suriname
82%
Hongrie, Pologne, Roumanie et Slovaquie Ukraine
82%
Aucun quiz correspondant
Distribution des résultats
% des personnes avec chaque résultat
Percentile par nombre de réponses
Votre historique - résultats
Vous n’avez pas pris ce quiz